| 000 | 00329 a2200133 4500 | ||
|---|---|---|---|
| 005 | 20250628140337.0 | ||
| 020 | _a0-03-017401-5 | ||
| 082 | _a150 TRO | ||
| 100 | _aTROTTER, R. | ||
| 245 | _aPsychology Human Science | ||
| 260 |
_aLondon, _bHolt, _c1978. |
||
| 300 |
_axx, 623p.; ill.; picture _bReferences. _c24cm. |
||
| 942 |
_2ddc _cBKS |
||
| 999 |
_c6044 _d6044 |
||